Greetings from high school /

Discusses what life is like in high school, covering such aspects as stress, schoolwork, family, romance, and sports.

Bibliographic Details
Main Author: Salzman, Marian L.
Other Authors: Reisgies, Teresa, 1966-, O'Reilly, Anne
Format: Book
Language:English
Published: Princeton, N.J. : Peterson's Guides, [1991]
Subjects:

MARC

Tag First Indicator Second Indicator Subfields
LEADER 00000cam a22000008a 4500
001 in00001007346
005 20150927215134.0
008 910205s1991 nju j 00010 eng
010 |a  91006868  
020 |a 1560790555 :  |c $7.95 
035 |a (OCoLC)23254422 
035 |9 AFD5773AM 
040 |a DLC  |c DLC  |d UtOrBLW 
043 |a n-us--- 
049 |a TXAM 
050 0 0 |a BJ1661  |b .S25 1991 
082 0 0 |a 373.18  |2 20 
100 1 |a Salzman, Marian L. 
245 1 0 |a Greetings from high school /  |c by Marian Salzman and Teresa Reisgies with Anne O'Reilly [and others]. 
263 |a 9104 
264 1 |a Princeton, N.J. :  |b Peterson's Guides,  |c [1991] 
264 4 |c ©1991 
300 |a xi, 176 pages :  |b illustrations  
336 |a text  |b txt  |2 rdacontent 
337 |a unmediated  |b n  |2 rdamedia 
338 |a volume  |b nc  |2 rdacarrier 
520 |a Discusses what life is like in high school, covering such aspects as stress, schoolwork, family, romance, and sports. 
650 0 |a High school students  |z United States  |x Conduct of life. 
650 0 |a Teenagers  |z United States  |x Conduct of life. 
650 0 |a High schools  |z United States  |x Juvenile literature. 
650 1 |a High schools. 
650 1 |a Schools. 
700 1 |a Reisgies, Teresa,  |d 1966- 
700 1 |a O'Reilly, Anne. 
999 |a MARS 
999 f f |s 379d7250-a400-3586-a341-fb269346f73c  |i bcf12f0e-9621-3f80-a327-eea732394843  |t 0 
952 f f |p ric  |a Texas A&M University  |b Rellis Campus  |c Joint Library Facility  |d Remote Storage  |t 0  |e BJ1661 .S25 1991  |h Library of Congress classification  |i unmediated -- volume  |m A14814340516 
998 f f |a BJ1661 .S25 1991  |t 0  |l Remote Storage